header

Technology, policy, law, and ethics regarding U.S. acquisition and use of cyberattack capabilities (Record no. 106807)

MARC details
000 -LEADER
fixed length control field 02124nam a2200421Ia 4500
245 00 - TITLE STATEMENT
Title Technology, policy, law, and ethics regarding U.S. acquisition and use of cyberattack capabilities
260 ## - PUBLICATION, DISTRIBUTION, ETC. (IMPRINT)
Place of publication Washington, DC :
Name of publisher National Academies Press,
Year of publication c2009.
300 ## - PHYSICAL DESCRIPTION
Number of Pages xxii, 367 p.
650 #0 - SUBJECT ADDED ENTRY--TOPICAL TERM
Topical Term Computer networks
Topical Term Computer networks
Topical Term Cyberspace
Topical Term Cyberterrorism
Topical Term Information warfare
700 1# - ADDED ENTRY--PERSONAL NAME
Personal name Dam, Kenneth W.
Personal name Lin, Herbert.
Personal name Owens, William A.,
856 40 - ELECTRONIC LOCATION AND ACCESS
Uniform Resource Identifier http://site.ebrary.com/lib/rucke/Doc?id=10355550

No items available.

© 2026 Rongo University
Contact us: librarian | system librarian | Rongo university